000 00612nam a22001817a 4500
999 _c190644
_d190644
005 20220802100419.0
010 _aENG-134132
020 _a9789380200729
_c199.00
035 _aEN-117664
037 _bDBAB/PUB
082 _a332.632
100 _aChauhan, Manish
245 _a3 Pillars of Financial Security:
_bLife Insurance, Health Insurance & Emergency Fund/
_cby Manish Chauhan
260 _aNew Delhi
_bNetwork 18 Publication Private Ltd
_c2013
270 _a507, Prabhat Kiran, 17, Rajendra Place
_bNew Delhi
_e110008
300 _a122p.
_c18cm(pbk)
942 _2ddc
_cEN
_h332.632
_mCHA